01858nam a2200325 i 4500003000900000005001700009008004100026040004600067041000800113082002600121092000700147099003600154100005900190245023300249264009400482300003200576336002200608337002400630338003300654504006100687546009600748650006800844856005700912905000700969942001900976999001700995952017301012952017301185952017401358EG-GICUC20260121101542.0251228s1997    ua ||||fr|||| 00| 0 ara d  a EG-GICUCbarac EG-GICUCd EG-GICUCerda0 aara04221a345.4bم ح . ن04221  aLaw1 07	345.4   م ح . ن	19970 aمحمد عبد العال السناريeمؤلف.10aنظم وأحكام الوظيفة العامة و السلطة الادارية والقانون الاداري في جمهورية مصر العربية.bدراسة مقارنة /cمحمد عبد العال السناري. 1a[مكان النشر غير محدد] :b[اسم الناشر غير محدد],c[1997؟]  a736 صفحة ؛  c24 سم.  2rda contentatext  2rda mediaaComputer  2rda carrieraOnline Resource  aيحتوي على ارجاعات ببليوجرافية
  aالنص أغلبه باللغة العربية مع بعض النصوص الفرنسية14aالوظائف العامةxالقانون الإداري 40uhttps://fll.law.cu.edu.eg/fulltext/bks/B07-01463.pdf  a75  2ddccBKe21n0  c52775d52775  00102ddc40718القانون الإداريaCUbLAW1d2025-12-28l0oLaw1 07	345.4   م ح . ن	1997 0701463	C1pB07-01463r2025-12-28 09:12:53t1w2025-12-28yBK  00102ddc40708القانون الإداريaCUbLAW1d2025-12-28l0oLaw1 07	345.4   م ح . ن	1997 0701464	C2pB07-01464r2025-12-28 09:13:20t2w2025-12-28yBK  00102ddc40708القانون الإداريaCUbLAW2d2025-12-28l0oLaw2  07	345.4   م ح . ن	1997 0701465	C3pB07-01465r2025-12-28 09:13:00t3w2025-12-28yBK